| 000 | 00417cam a2200181ua 4500 | ||
|---|---|---|---|
| 020 | _c0.50 | ||
| 041 |
_amal _h |
||
| 082 |
_a923.2 _bGEO/YA |
||
| 100 | _aGeorge, M A . | ||
| 245 |
_aYatheendradas / _cM A George. _hTextual Documents |
||
| 250 |
_a1 / _b. |
||
| 260 |
_aPalakkad : _bUdaya Publications , _c1957. |
||
| 300 | _a66 ; . | ||
| 365 | _a0.50 | ||
| 504 | _a | ||
| 942 | _cBK | ||
| 999 |
_c3903 _d3903 |
||